[Event "GER-chT U10"]
[Site "Magdeburg"]
[Date "2015.12.28"]
[Round "4.1"]
[White "Zores, Kai"]
[Black "Hetzner, Hannes"]
[Result "0-1"]
[WhiteElo "1053"]
[BlackElo "1360"]
[PlyCount "38"]
[EventDate "2015.12.27"]
[EventType "team-swiss"]
[EventRounds "7"]
[EventCountry "GER"]
[SourceTitle "EXT 2017"]
[Source "ChessBase"]
[SourceDate "2016.10.25"]
[SourceVersion "1"]
[SourceVersionDate "2016.10.25"]
[SourceQuality "1"]
[WhiteTeam "Hamburger SK III"]
[BlackTeam "Erlangen"]
[WhiteTeamCountry "GER"]
[BlackTeamCountry "GER"]

1. e4 e6 2. Nc3 d5 3. d3 c5 4. Nf3 Nc6 5. g3 d4 6. Ne2 Bd6 7. Bg2 Nge7 8. Bf4 0-0 9. 0-0 Ng6 10. Qd2 Nxf4 11. Nxf4 Bxf4 12. Qxf4 f6 13. Qh4 e5 14. Rfe1 Nb4 15. Re2 Be6 16. a3 Qa5 17. Bh3 Bxh3 18. Qxh3 Nc6 19. Rae1 Qxe1+ 0-1

[Event "GER-chT U10"]
[Site "Magdeburg"]
[Date "2015.12.27"]
[Round "2.1"]
[White "Hartmann, Samuel"]
[Black "Zores, Kai"]
[Result "0-1"]
[WhiteElo "888"]
[BlackElo "1053"]
[PlyCount "62"]
[EventDate "2015.12.27"]
[EventType "team-swiss"]
[EventRounds "7"]
[EventCountry "GER"]
[SourceTitle "EXT 2017"]
[Source "ChessBase"]
[SourceDate "2016.10.25"]
[SourceVersion "1"]
[SourceVersionDate "2016.10.25"]
[SourceQuality "1"]
[WhiteTeam "Niederkassel"]
[BlackTeam "Hamburger SK III"]
[WhiteTeamCountry "GER"]
[BlackTeamCountry "GER"]

1. e4 e5 2. Nf3 Nc6 3. Bc4 Bc5 4. c3 d6 5. d4 Bb6 6. 0-0 Nf6 7. Bg5 h6 8. Bh4 g5 9. Nxg5 hxg5 10. Bxg5 Be6 11. Bxe6 fxe6 12. dxe5 Nxe5 13. h3 Nf7 14. Bxf6 Qxf6 15. Na3 0-0-0 16. Nc4 Rdg8 17. Nxb6+ axb6 18. f3 Qg5 19. Rf2 Rxh3 20. g4 Rgh8 21. Kf1 Rh1+ 22. Ke2 Rxd1 23. Rxd1 Ne5 24. Rg1 Rh3 25. f4 Qg6 26. fxe5 Qxe4+ 27. Kf1 Re3 28. Re2 Rxe2 29. Rg3 Qf4+ 30. Kxe2 Qxg3 31. exd6 Qxd6 0-1